000 00649cam a2200229 4500500
005 20260405003609.0
041 _afre
042 _adc
100 1 0 _aDurand, Jean-Marie
_eauthor
245 0 0 _aV13
260 _c2022.
500 _a92
690 _a13 novembre 2015
690 _aAltérité
690 _aBataclan
690 _aEmmanuel Carrère
690 _aFrançois-Henri Désérable
690 _aJustice
690 _aTémoins
786 0 _nPhilosophie magazine | 164 | 11 | 2022-11-01 | p. 67-68 | 1951-1787
856 4 1 _uhttps://shs.cairn.info/magazine-philosophie-magazine-2022-11-page-67?lang=fr&redirect-ssocas=7080
999 _c2069119
_d2069118